A carregar...

Catalan numbers with application

Detalhes bibliográficos
Autor principal: Thomas Koshy
Publicado em: Oxford Univ.
LEADER 00199 a2200097 4500
020
260 |b Oxford Univ. 
942 |c BK  |6 _ 
245 |a Catalan numbers with application 
100 |a Thomas Koshy 
999 |c 65855  |d 65855